| 000 | 00880cas a22002897a 4500 | ||
|---|---|---|---|
| 005 | 20220329142046.0 | ||
| 008 | 990507c1975 us ar p rnn 0 0b1eng d | ||
| 010 | _a77767 | ||
| 011 | _a78739 | ||
| 022 | _a0360-0572 | ||
| 035 | _a88784 | ||
| 245 | 0 | 0 | _aAnnual Review of Sociology |
| 260 | 0 |
_aPalo Alto, California : _bAnnual Review Inc., _c1975- |
|
| 300 | _av. | ||
| 310 | _aAnual | ||
| 362 | _av.21, 1995 | ||
| 500 | _aSe dejó de recibir a partir del v.21,1995 | ||
| 590 |
_aBATCH-UPD _b10 _c20130110 _lUCH01 _h2343 |
||
| 590 |
_aBATCH-UPD _b10 _c20130410 _lUCH01 _h1631 |
||
| 590 |
_aBATCH-UPD _b10 _c20130914 _lUCH01 _h2029 |
||
| 590 |
_aCONVERSION _b10 _c20130109 _lUCH01 _h1343 |
||
| 650 | 1 | 4 |
_aSociología _xPublicaciones periódicas. _9108207 |
| 866 | _av.1-15 (1975-1989) | ||
| 866 | _av.18-21 (1992-1995) | ||
| 901 | _aSE | ||
| 905 | _aLilia Sánchez G. | ||
| 999 |
_c77767 _d77767 |
||